| 000 | 00656nam a2200217 a 4500 | ||
|---|---|---|---|
| 008 | |||
| 020 | _a1857150295 (hbk.) | ||
| 049 | _aMAIN | ||
| 090 |
_aPR6011.O58 _bFOR |
||
| 100 | 1 | _aForster, E.M. | |
| 245 | 1 | 2 |
_aA passage to India / _cby E. M. Forster ; with an introduction by P.N. Furbank. |
| 260 |
_aLondon : _bDavid Campbell, _c1991. |
||
| 300 |
_axxxix, 293 p. ; _c22 cm. |
||
| 440 |
_aEveryman's Library ; _v29. |
||
| 650 |
_aEnglish literature _d20th century. |
||
| 907 |
_a.b1011502x _b17-08-11 _c23-03-04 |
||
| 003 | |||
| 005 | 20230123133644.0 | ||
| 040 | _cNUST | ||
| 942 |
_cBOOKS _kPR6011.O58 _mFOR |
||
| 999 |
_c152337 _d152337 |
||